Chemická výroba pro IV. ročník gymnázií experimentální učební text volitelné skupiny odborných předmětú. Základy technické chemie

Bibliographic Details
Main Author: Kováč, Štefan, 1928-2013 (Author)
Format: Book
Language:Undetermined
PhysicalDescription:170 s.
Published: Praha Státní nakladatelství technické literatury 1984

MARC

LEADER 00000nam a2200000 a 4500
001 vtls001372026
003 SK-MaSNL
005 20260302000533.0
008 160308s1984 xx 0 und
035 |a SNK000325871 
040 |a SNK  |b slo  |c SNK  |e AACR2 
100 1 |a Kováč, Štefan,  |d 1928-2013  |4 aut  |9 157641 
245 1 0 |a Chemická výroba pro IV. ročník gymnázií  |b experimentální učební text volitelné skupiny odborných předmětú. Základy technické chemie 
260 |a Praha  |b Státní nakladatelství technické literatury  |c 1984 
300 |a 170 s. 
958 |a OND 
999 |c 980010  |d 981940 
952 |a SNK  |b SNK  |y PREZ  |7 0  |p 17A0771917  |o snkSB 37253  |0 0  |1 0  |4 0  |d 2012-04-03  |l 0  |r 2025-04-16 00:00:00  |w 2026-02-24 
952 |t P60, <04>, [BOOK], {604}  |a SNK  |b SNK  |y VYP  |7 0  |p 17A0210756  |o snkSB 37253 D1  |0 0  |1 0  |4 0  |d 1999-09-09  |l 0  |r 2005-01-02 00:00:00  |w 2026-02-24